The use of the Ministry of Education guide book for the new primary Chinese language programme by Standard Three teachers /
Saved in:
| 主要作者: | |
|---|---|
| 格式: | Thesis 图书 |
| 语言: | English |
| 出版: |
1986.
|
| 主题: | |
| 标签: |
添加标签
没有标签, 成为第一个标记此记录!
|
| LEADER | 01325cam a2200313 a 4500 | ||
|---|---|---|---|
| 001 | u52256 | ||
| 003 | SIRSI | ||
| 008 | 871114s1986 my bt 00 1 eng m | ||
| 035 | |a AAF-6203 | ||
| 040 | |a UMM | ||
| 043 | |a a-my--- | ||
| 050 | 1 | |a LB1564.M4 | |
| 090 | |a LB1564 |b M4Cho | ||
| 091 | |a Microfiche 9863 | ||
| 100 | 1 | 0 | |a Chong, Ah Kow. |
| 245 | 1 | 4 | |a The use of the Ministry of Education guide book for the new primary Chinese language programme by Standard Three teachers / |c Chong Ah Kow |
| 260 | |c 1986. | ||
| 300 | |a vi, 168 leaves ; |c 30cm. | ||
| 500 | |a Also available on Microfiche. Kuala Lumpur : Perpustakaan Universiti Malaya, 1995. 2 microfiches ; negative, 11x15cm. | ||
| 502 | |a Dissertation (M.Ed.) -- Fakulti Pendidikan, Universiti Malaya, 1987. | ||
| 504 | |a Bibliography: leaves 101-104. | ||
| 650 | 0 | |a Chinese language |x Study and teaching (Primary) |z Malaysia. | |
| 650 | 0 | |a Education, Elementary |z Malaysia |x Curricula. | |
| 710 | 2 | 0 | |a Universiti Malaya. |b Fakulti Pendidikan. |
| 948 | |a 16/03/1991 |b 29/07/2002 | ||
| 596 | |a 1 8 | ||
| 999 | |a F LB1564 M4CHO |w LC |c 1 |i A010354539 |d 23/3/1993 |l STACKS |m P01UTAMA |n 3 |r Y |s Y |t TESIS |u 2/1/1992 | ||
| 999 | |a LB1564 M4CHO |w LC |c 1 |i A506701519 |l STACKS |m P08PENDIDI |r Y |s Y |t TESIS |u 10/11/1997 | ||
| 999 | |a LB1564 M4CHO |w LC |c 2 |i A506694402 |l STACKS |m P08PENDIDI |r Y |s Y |t TESIS |u 11/11/1997 | ||
